| 000 | 00717nam a22002177a 4500 | ||
|---|---|---|---|
| 999 |
_c18030 _d18030 |
||
| 003 | AR-CdUCM | ||
| 008 | 190511b ||||| |||| 00| 0 spa d | ||
| 040 |
_aMUNICIPALIDAD PROVINCIAL DEL CUSCO _cBIBLIOTECA MUNICIPAL DEL CUSCO |
||
| 082 |
_a985.04 / _bM58 |
||
| 100 |
_aMiller, John _938365 |
||
| 245 | _aMemorias del general miller / | ||
| 260 |
_aMadrid : _bAmerica, |
||
| 300 |
_a462 paginas ; _c22 cm. |
||
| 505 | _aContenido: Capitulo primero -- Capitulo segundo -- Capitulo tercero -- Capitulo Cuarto -- Capitulo quinto... | ||
| 650 |
_aHistoria _9136 |
||
| 650 |
_aGeneral _919107 |
||
| 650 |
_aMiller _938366 |
||
| 700 |
_aEl general torrijos _938367 |
||
| 942 |
_2ddc _cLIBROS |
||
| 945 |
_apjha _d2019-05-11 |
||